[Event "Quebec-ch qual 2"]
[Site "Montreal CAN"]
[Date "2003.05.30"]
[Round "1"]
[White "Anastasovski, Nikola"]
[Black "Chagnon, Francois"]
[Result "1-0"]
[WhiteElo "2073"]
[BlackElo "1519"]
[PlyCount "95"]
[EventDate "2003.05.30"]
[EventType "swiss"]
[EventRounds "5"]
[EventCountry "CAN"]

1. e4 c5 2. c4 d6 3. Nc3 Nf6 4. g3 Nc6 5. Bg2 e6 6. d3 Be7 7. h3 a6 8. Be3 Rb8
9. Qd2 Bd7 10. f4 e5 11. f5 b5 12. b3 bxc4 13. dxc4 Nd4 14. Rc1 Bc6 15. g4 h6
16. Nge2 Nh7 17. O-O Nxe2+ 18. Nxe2 Bg5 19. Rcd1 Bxe3+ 20. Qxe3 Qe7 21. Qg3 f6
22. h4 a5 23. Nc3 O-O 24. Rd3 Rfd8 25. Rfd1 Ra8 26. Qf2 a4 27. Qd2 axb3 28.
axb3 Ra3 29. Rxd6 Rxd6 30. Qxd6 Qxd6 31. Rxd6 Rxb3 32. Rxc6 Rxc3 33. Rxc5 Nf8
34. Rc7 Rg3 35. c5 Rc3 36. Bf1 Re3 37. Bc4+ Kh7 38. Rc8 Rxe4 39. Bf7 Rxg4+ 40.
Kh2 g5 41. Rxf8 Rxh4+ 42. Kg3 Kg7 43. c6 Kxf8 44. c7 Kxf7 45. c8=Q e4 46. Qe6+
Kg7 47. Qe7+ Kg8 48. Qxf6 1-0

[Event "Quebec-ch qual 2"]
[Site "Montreal CAN"]
[Date "2003.05.30"]
[Round "1"]
[White "Joshua, Nathan"]
[Black "Kayembe, Doris"]
[Result "0-1"]
[WhiteElo "1318"]
[BlackElo "1857"]
[PlyCount "70"]
[EventDate "2003.05.30"]
[EventType "swiss"]
[EventRounds "5"]
[EventCountry "CAN"]

1. d4 d5 2. c4 c6 3. Nc3 Nf6 4. Nf3 a6 5. a4 g6 6. e3 Bg7 7. Bd3 O-O 8. O-O Bg4
9. h3 Bxf3 10. Qxf3 e6 11. a5 Re8 12. b4 dxc4 13. Bxc4 Nd5 14. Bd2 Nd7 15. e4
Nxb4 16. Rab1 c5 17. dxc5 Ne5 18. Qe2 Nxc4 19. Bg5 Qxg5 20. Qxc4 Nc6 21. Ra1
Qd2 22. Rfc1 Bd4 23. Rab1 Nxa5 24. Qb4 Bxc3 25. Rxc3 Nc6 26. Qa3 Rad8 27. Rxb7
Qe1+ 28. Kh2 Qxe4 29. Qxa6 h5 30. h4 Qxh4+ 31. Rh3 Qf4+ 32. Rg3 h4 33. Qxc6
hxg3+ 34. Kh3 Kg7 35. f3 Rh8# 0-1

[Event "Quebec-ch qual 2"]
[Site "Montreal CAN"]
[Date "2003.05.30"]
[Round "1"]
[White "Lanthier, Steve"]
[Black "Sullivan, Neil"]
[Result "0-1"]
[WhiteElo "1474"]
[BlackElo "2031"]
[PlyCount "76"]
[EventDate "2003.05.30"]
[EventType "swiss"]
[EventRounds "5"]
[EventCountry "CAN"]

1. e4 c5 2. Nf3 Nc6 3. d4 cxd4 4. Nxd4 g6 5. Nxc6 bxc6 6. Qd4 Nf6 7. e5 Nd5 8.
c4 Qb6 9. Qd1 Nc7 10. Be2 Bg7 11. f4 O-O 12. Nc3 d5 13. cxd5 cxd5 14. Nxd5 Nxd5
15. Qxd5 Bb7 16. Qb5 Qxb5 17. Bxb5 Bxg2 18. Rg1 Bd5 19. b3 Rfc8 20. Ba3 e6 21.
Rc1 Bh6 22. Rf1 Rxc1+ 23. Bxc1 Rc8 24. Kd1 Bf8 25. Rf2 Be4 26. Rd2 Bb4 27. Rf2
Bc5 28. Rf1 Bg2 29. Re1 Bf2 30. Re2 Bf3 31. Kd2 Bxe2 32. Kxe2 Rxc1 33. Kxf2
Rc2+ 34. Kg3 Rxa2 35. Ba4 Kg7 36. Kh3 f6 37. exf6+ Kxf6 38. Kg3 Rd2 0-1

[Event "Quebec-ch qual 2"]
[Site "Montreal CAN"]
[Date "2003.05.30"]
[Round "1"]
[White "Mathews, Theo"]
[Black "Feoktistov, Dmitri"]
[Result "0-1"]
[WhiteElo "1664"]
[BlackElo "2302"]
[PlyCount "136"]
[EventDate "2003.05.30"]
[EventType "swiss"]
[EventRounds "5"]
[EventCountry "CAN"]

1. e4 c6 2. d4 d5 3. Nc3 dxe4 4. Nxe4 Bf5 5. Ng3 Bg6 6. Nf3 Nd7 7. Nh4 e6 8.
Nxg6 hxg6 9. Be3 Qc7 10. Qf3 Ngf6 11. Bd3 Bd6 12. h3 e5 13. O-O-O O-O-O 14. Kb1
Rhe8 15. Rde1 Qa5 16. dxe5 Nxe5 17. Qd1 Nd5 18. Bd2 Bb4 19. Bxb4 Nxb4 20. a3
Nbxd3 21. cxd3 Qb5 22. Qc2 Qxd3 23. Rd1 Qxc2+ 24. Kxc2 Nc4 25. Rxd8+ Kxd8 26.
Rd1+ Kc7 27. Kc3 Nd6 28. f3 f5 29. a4 Re3+ 30. Kc2 f4 31. Nf1 Nf5 32. Rd2 Re1
33. Nh2 Ne3+ 34. Kd3 Ra1 35. b3 Rb1 36. Kc3 Rg1 37. Ng4 Rxg2 38. Rxg2 Nxg2 39.
Kd4 Kd6 40. Ne5 Nh4 41. Nc4+ Ke6 42. Ke4 g5 43. Na5 Nf5 44. Nxb7 Nd6+ 45. Nxd6
Kxd6 46. Kf5 Kc5 47. Kxg5 Kb4 48. Kg6 Kxb3 49. Kxg7 c5 50. h4 c4 51. h5 c3 52.
h6 c2 53. h7 c1=Q 54. h8=Q Qa1+ 55. Kh7 Qxh8+ 56. Kxh8 Kxa4 57. Kg7 Kb5 58. Kf6
a5 59. Ke5 a4 60. Kxf4 a3 61. Ke5 a2 62. f4 a1=Q+ 63. Ke6 Qg7 64. f5 Qf8 65. f6
Kc6 66. f7 Kc7 67. Kf6 Kd6 68. Kg6 Ke6 0-1

[Event "Quebec-ch qual 2"]
[Site "Montreal CAN"]
[Date "2003.05.30"]
[Round "1"]
[White "McDonough, Jonathan"]
[Black "Rozybakiyev, Rasul"]
[Result "1-0"]
[WhiteElo "2042"]
[BlackElo "1506"]
[PlyCount "69"]
[EventDate "2003.05.30"]
[EventType "swiss"]
[EventRounds "5"]
[EventCountry "CAN"]

1. d4 d5 2. c4 e6 3. Nc3 Nf6 4. cxd5 exd5 5. Bg5 Be7 6. e3 O-O 7. Qc2 h6 8. Bh4
Be6 9. Bd3 Nbd7 10. f4 Nb6 11. Nf3 Rc8 12. O-O c5 13. Qe2 c4 14. Bc2 Re8 15.
Ne5 Nh7 16. f5 Bd7 17. Qh5 Rf8 18. Nxd7 Qxd7 19. f6 Nxf6 20. Bxf6 Bxf6 21. Rxf6
Qe7 22. Rf3 Rcd8 23. Raf1 a6 24. Rh3 Rd6 25. Qf5 g6 26. Qf4 h5 27. Qh6 f5 28.
Rg3 Qg7 29. Qxg7+ Kxg7 30. Rxf5 Rxf5 31. Bxf5 Kh6 32. Bc2 g5 33. Rf3 Re6 34.
Rf7 g4 35. Kf2 1-0

[Event "Quebec-ch qual 2"]
[Site "Montreal CAN"]
[Date "2003.05.31"]
[Round "2"]
[White "Feoktistov, Dmitri"]
[Black "Samson, Gaetan"]
[Result "1-0"]
[WhiteElo "2302"]
[BlackElo "1905"]
[PlyCount "53"]
[EventDate "2003.05.30"]
[EventType "swiss"]
[EventRounds "5"]
[EventCountry "CAN"]

1. d4 Nf6 2. c4 g6 3. Nc3 Bg7 4. e4 d6 5. f3 O-O 6. Be3 c6 7. Nge2 Nbd7 8. Qd2
a6 9. g4 e5 10. h4 exd4 11. Nxd4 Ne5 12. Be2 Be6 13. Nxe6 fxe6 14. O-O-O d5 15.
Bd4 Nxc4 16. Bxc4 dxc4 17. Qe2 b5 18. g5 Qa5 19. gxf6 Bxf6 20. Bxf6 Rxf6 21. e5
Rf5 22. Ne4 Qxa2 23. Nf6+ Kf8 24. Qd2 Rxf6 25. exf6 Kf7 26. Qh6 Kxf6 27. Rd7
1-0

[Event "Quebec-ch qual 2"]
[Site "Montreal CAN"]
[Date "2003.05.31"]
[Round "2"]
[White "Goldner, John"]
[Black "Anastasovski, Nikola"]
[Result "0-1"]
[WhiteElo "1776"]
[BlackElo "2073"]
[PlyCount "56"]
[EventDate "2003.05.30"]
[EventType "swiss"]
[EventRounds "5"]
[EventCountry "CAN"]

1. e4 e5 2. Nf3 Nc6 3. Bb5 f5 4. d4 fxe4 5. Nxe5 Qf6 6. f4 exf3 7. O-O Nxe5 8.
dxe5 Qb6+ 9. Kh1 fxg2+ 10. Kxg2 Qxb5 11. Nc3 Qc6+ 12. Nd5 Ne7 13. c4 Qxc4 14.
Qh5+ Kd8 15. Nc3 Qc6+ 16. Kf2 b6 17. Bg5 Ba6 18. Rfd1 Kc8 19. Rac1 Ng6 20. Nd5
Bc5+ 21. Kg3 Qe6 22. Bf4 c6 23. b4 cxd5 24. bxc5 Kb7 25. Qf3 Nxf4 26. Qxf4 Rhf8
27. Qe3 Rf5 28. cxb6 Qg6+ 0-1

[Event "Quebec-ch qual 2"]
[Site "Montreal CAN"]
[Date "2003.05.31"]
[Round "2"]
[White "Kayembe, Doris"]
[Black "Cazelais, Marc"]
[Result "1/2-1/2"]
[WhiteElo "1857"]
[BlackElo "2184"]
[PlyCount "75"]
[EventDate "2003.05.30"]
[EventType "swiss"]
[EventRounds "5"]
[EventCountry "CAN"]

1. e4 c5 2. Nf3 Nc6 3. d4 cxd4 4. Nxd4 Nf6 5. Nc3 e5 6. Ndb5 d6 7. Bg5 a6 8.
Na3 b5 9. Nd5 Qa5+ 10. Bd2 Qd8 11. Bg5 Be7 12. Bxf6 Bxf6 13. c3 O-O 14. Nc2 Bg5
15. h4 Bh6 16. g4 Bf4 17. g5 Be6 18. Nxf4 exf4 19. Qf3 Ne5 20. Qxf4 Bg4 21. Be2
Bxe2 22. Kxe2 f6 23. Rhg1 Qc7 24. Ne3 Kh8 25. g6 hxg6 26. Qg3 Rae8 27. f4 Nc4
28. Qxg6 Nxe3 29. Kxe3 f5 30. Rg5 Rxe4+ 31. Kd2 Rxf4 32. Rh5+ Kg8 33. Rg1 Rf7
34. Qh6 Rf2+ 35. Kd1 Rf1+ 36. Kd2 Rf2+ 37. Kd1 Rf1+ 38. Kd2 1/2-1/2

[Event "Quebec-ch qual 2"]
[Site "Montreal CAN"]
[Date "2003.05.31"]
[Round "2"]
[White "Rodriguez, Herver"]
[Black "McDonough, Jonathan"]
[Result "1-0"]
[WhiteElo "1733"]
[BlackElo "2042"]
[PlyCount "63"]
[EventDate "2003.05.30"]
[EventType "swiss"]
[EventRounds "5"]
[EventCountry "CAN"]

1. e4 e6 2. d4 d5 3. Nc3 Bb4 4. e5 c5 5. a3 Bxc3+ 6. bxc3 Qc7 7. f4 cxd4 8.
cxd4 Qc3+ 9. Bd2 Qxd4 10. Nf3 Qa4 11. Bd3 f5 12. O-O Nc6 13. Qb1 a6 14. Qb6
Nge7 15. Rfc1 d4 16. Qc5 Bd7 17. Bb4 Nd5 18. Nxd4 Nxd4 19. Qxd4 a5 20. c4 Nxf4
21. Bd6 g5 22. Bf1 Qc6 23. g3 Qg2+ 24. Bxg2 Ne2+ 25. Kf2 Nxd4 26. Rab1 Kf7 27.
Rxb7 Rhd8 28. Rxd7+ Rxd7 29. Bxa8 Nb3 30. Rc3 Nd2 31. c5 Rd8 32. Bg2 1-0

[Event "Quebec-ch qual 2"]
[Site "Montreal CAN"]
[Date "2003.05.31"]
[Round "2"]
[White "Sullivan, Neil"]
[Black "Panayotov, Ivo"]
[Result "1-0"]
[WhiteElo "2031"]
[BlackElo "1766"]
[PlyCount "51"]
[EventDate "2003.05.30"]
[EventType "swiss"]
[EventRounds "5"]
[EventCountry "CAN"]

1. e4 c5 2. Nf3 e6 3. d3 Nc6 4. g3 g6 5. Bg2 Bg7 6. O-O Nge7 7. Re1 d6 8. c3
O-O 9. Nbd2 b5 10. Nf1 a5 11. Bf4 Ba6 12. Qd2 b4 13. Bh6 bxc3 14. bxc3 Qc7 15.
Bxg7 Kxg7 16. Ne3 Rfb8 17. d4 Na7 18. Nh4 Rb6 19. f4 Rab8 20. f5 Rb2 21. Qc1
cxd4 22. f6+ Kxf6 23. Ng4+ Kg7 24. Qh6+ Kh8 25. Nf6 Rxg2+ 26. Nxg2 1-0

[Event "Quebec-ch qual 2"]
[Site "Montreal CAN"]
[Date "2003.05.31"]
[Round "3"]
[White "Anastasovski, Nikola"]
[Black "Libersan, Thierry"]
[Result "1-0"]
[WhiteElo "2073"]
[BlackElo "1925"]
[PlyCount "109"]
[EventDate "2003.05.30"]
[EventType "swiss"]
[EventRounds "5"]
[EventCountry "CAN"]

1. e4 c5 2. c4 Nc6 3. Nc3 g6 4. g3 Bg7 5. Bg2 Nf6 6. d3 d6 7. h3 Nd4 8. Be3 Nd7
9. Qd2 Ne5 10. f4 Nec6 11. Rc1 O-O 12. g4 Rb8 13. Nge2 a6 14. Ng3 b5 15. b3
bxc4 16. dxc4 Bd7 17. O-O e6 18. Kh2 f5 19. exf5 gxf5 20. gxf5 Rxf5 21. Nxf5
Nxf5 22. Bf2 Ncd4 23. Ne2 Nxe2 24. Qxe2 e5 25. Qh5 Qe7 26. Rce1 Kh8 27. Be4 Rf8
28. Rg1 Be8 29. Qg5 Qd7 30. Rg2 Bg6 31. h4 Qe8 32. Kg1 Bh6 33. Qg4 Bxf4 34. Qh3
Ng7 35. Qd3 Rf6 36. Rd1 Nh5 37. Qd5 Bh6 38. Bxg6 hxg6 39. Qb7 Qf8 40. Qe4 Nf4
41. Rg3 Qf7 42. Rf3 Qe6 43. Kh2 g5 44. hxg5 Bxg5 45. Qa8+ Kg7 46. Qb7+ Rf7 47.
Qe4 Rf8 48. Qb7+ Rf7 49. Qe4 Qg4 50. Rfd3 Qh5+ 51. Kg1 Nxd3 52. Rxd3 Bf4 53.
Rxd6 Bh2+ 54. Kf1 Bg3 55. Rd2 1-0

[Event "Quebec-ch qual 2"]
[Site "Montreal CAN"]
[Date "2003.05.31"]
[Round "3"]
[White "Cazelais, Marc"]
[Black "Rodriguez, Herver"]
[Result "1-0"]
[WhiteElo "2187"]
[BlackElo "1733"]
[PlyCount "30"]
[EventDate "2003.05.30"]
[EventType "swiss"]
[EventRounds "5"]
[EventCountry "CAN"]

1. e4 e5 2. Nc3 Nc6 3. f4 Bc5 4. fxe5 Bxg1 5. Rxg1 Qh4+ 6. g3 Qxh2 7. Rg2 Qh1
8. d4 d6 9. exd6 Bh3 10. Rf2 O-O-O 11. Qh5 Nxd4 12. Qxh3+ Qxh3 13. Bxh3+ Kb8
14. dxc7+ Kxc7 15. Be3 Nc6 1-0

[Event "Quebec-ch qual 2"]
[Site "Montreal CAN"]
[Date "2003.05.31"]
[Round "3"]
[White "Cloutier, Mathieu"]
[Black "Sullivan, Neil"]
[Result "1/2-1/2"]
[WhiteElo "1706"]
[BlackElo "2031"]
[PlyCount "79"]
[EventDate "2003.05.30"]
[EventType "swiss"]
[EventRounds "5"]
[EventCountry "CAN"]

1. Nf3 c5 2. g3 g6 3. Bg2 Bg7 4. O-O Nc6 5. c4 Nf6 6. Nc3 O-O 7. Rb1 d5 8. cxd5
Nxd5 9. Nxd5 Qxd5 10. b3 e5 11. Ng5 Qd7 12. Ne4 b6 13. d3 Bb7 14. Bh6 f5 15.
Bxg7 Kxg7 16. Nd2 Rad8 17. Nc4 Rfe8 18. a4 Qc7 19. Qc1 Nd4 20. Qb2 Bxg2 21.
Kxg2 Kg8 22. Rbd1 Qc6+ 23. f3 Qd5 24. Kg1 Re7 25. Rde1 e4 26. dxe4 fxe4 27. f4
e3 28. Rb1 Qe4 29. Ne5 Rf8 30. Nf3 Rd7 31. Rbd1 Rfd8 32. Nxd4 Rxd4 33. Rxd4
Rxd4 34. Qb1 Qd5 35. f5 Rd2 36. fxg6 Rxe2 37. gxh7+ Kg7 38. h8=Q+ Kxh8 39. Rf8+
Kg7 40. Qf1 1/2-1/2

[Event "Quebec-ch qual 2"]
[Site "Montreal CAN"]
[Date "2003.05.31"]
[Round "3"]
[White "Singher, Jean-Pierre"]
[Black "Feoktistov, Dmitri"]
[Result "0-1"]
[WhiteElo "2006"]
[BlackElo "2302"]
[PlyCount "104"]
[EventDate "2003.05.30"]
[EventType "swiss"]
[EventRounds "5"]
[EventCountry "CAN"]

1. d4 Nf6 2. Nf3 e6 3. c4 b6 4. a3 Bb7 5. Nc3 d5 6. e3 Be7 7. cxd5 exd5 8. Bb5+
c6 9. Bd3 O-O 10. O-O c5 11. Ne5 Nc6 12. f4 cxd4 13. Nxc6 Bxc6 14. exd4 Bd6 15.
Qf3 Re8 16. f5 Qd7 17. Qh3 Ne4 18. Qh5 Be7 19. Be3 Nf6 20. Qf3 b5 21. g4 Ne4
22. Rac1 b4 23. axb4 Bxb4 24. g5 Qe7 25. Na2 Rac8 26. Nxb4 Qxb4 27. g6 Nf6 28.
gxf7+ Kxf7 29. Ba6 Bb7 30. Bxb7 Qxb7 31. Bg5 Rxc1 32. Bxc1 Qb6 33. Rd1 Re4 34.
Kg2 Rxd4 35. Re1 Re4 36. Rd1 Qb5 37. Rd3 Qe8 38. Be3 Qe5 39. Rb3 Ng4 40. Rb7+
Kg8 41. Bg1 Re2+ 42. Kf1 Rf2+ 43. Qxf2 Nxf2 44. Bxf2 a6 45. Rb6 Qxf5 46. Ke2
Qe4+ 47. Kf1 h6 48. Kg1 a5 49. Rb7 d4 50. Ra7 d3 51. Rxa5 d2 52. Ra1 d1=Q+ 0-1

[Event "Quebec-ch qual 2"]
[Site "Montreal CAN"]
[Date "2003.05.31"]
[Round "3"]
[White "Summerhays, David"]
[Black "Gauthier, Denis"]
[Result "1/2-1/2"]
[WhiteElo "100"]
[BlackElo "1983"]
[PlyCount "76"]
[EventDate "2003.05.30"]
[EventType "swiss"]
[EventRounds "5"]
[EventCountry "CAN"]

1. e4 c5 2. Nf3 e6 3. d4 cxd4 4. Nxd4 a6 5. Nc3 Qc7 6. Be2 Nc6 7. Be3 Nf6 8. a3
Be7 9. O-O O-O 10. Kh1 d6 11. f4 Bd7 12. Nb3 b5 13. Bf3 Rab8 14. Qe2 Bc8 15.
Bg1 Bb7 16. Rad1 Nd7 17. h3 Rfe8 18. Rfe1 Bh4 19. Bf2 Bxf2 20. Qxf2 Nb6 21. Be2
Rbd8 22. Bf1 Ne7 23. f5 exf5 24. exf5 Ned5 25. Nxd5 Nxd5 26. Nd4 Nf6 27. Rxe8+
Rxe8 28. Bd3 Qc5 29. c3 Qe5 30. Kg1 h6 31. Rd2 Ne4 32. Bxe4 Qxe4 33. Re2 Qb1+
34. Qf1 Qxf1+ 35. Kxf1 Re5 36. Kf2 Kf8 37. g4 Ke7 38. Kg3 Kf6 1/2-1/2

[Event "Quebec-ch qual 2"]
[Site "Montreal CAN"]
[Date "2003.06.01"]
[Round "4"]
[White "Feoktistov, Dmitri"]
[Black "Anastasovski, Nikola"]
[Result "1-0"]
[WhiteElo "2304"]
[BlackElo "2073"]
[PlyCount "101"]
[EventDate "2003.05.30"]
[EventType "swiss"]
[EventRounds "5"]
[EventCountry "CAN"]

1. d4 f5 2. c4 Nf6 3. Nc3 e6 4. Nf3 Bb4 5. Qc2 Ne4 6. g3 Bxc3+ 7. bxc3 O-O 8.
Bg2 d6 9. O-O Nd7 10. Nd2 Nxd2 11. Bxd2 Nf6 12. Rab1 Rb8 13. Bg5 h6 14. Bxf6
Qxf6 15. f4 b6 16. Qa4 a5 17. Qb5 g5 18. e3 Qg7 19. Kh1 Qe7 20. c5 dxc5 21.
dxc5 Bd7 22. c6 Be8 23. Rfd1 Rd8 24. Qe5 Bh5 25. Rd4 Rfe8 26. Re1 Kf7 27. e4
Rxd4 28. cxd4 fxe4 29. fxg5 hxg5 30. Bxe4 Kg8 31. Rf1 Qg7 32. Rf6 Bf7 33. h4
gxh4 34. gxh4 Qg4 35. Rf3 Qxh4+ 36. Kg2 Qh6 37. Qxc7 Qd2+ 38. Rf2 Qg5+ 39. Qg3
Qxg3+ 40. Kxg3 b5 41. c7 e5 42. Bf5 exd4 43. c8=Q Rxc8 44. Bxc8 Bc4 45. a3 d3
46. Rd2 Kf7 47. Bf5 b4 48. axb4 axb4 49. Bxd3 Bd5 50. Bg6+ Ke6 51. Bf7+ 1-0

[Event "Quebec-ch qual 2"]
[Site "Montreal CAN"]
[Date "2003.06.01"]
[Round "4"]
[White "Papineau (Granby), Daniel"]
[Black "McDonough, Jonathan"]
[Result "0-1"]
[WhiteElo "1782"]
[BlackElo "2042"]
[PlyCount "80"]
[EventDate "2003.05.30"]
[EventType "swiss"]
[EventRounds "5"]
[EventCountry "CAN"]

1. Nf3 e6 2. d4 d5 3. c4 Nf6 4. Nc3 Be7 5. Bg5 O-O 6. e3 h6 7. Bxf6 Bxf6 8. Rc1
Re8 9. Bd3 Nc6 10. O-O dxc4 11. Bxc4 e5 12. d5 Ne7 13. Qb3 Nf5 14. Ne4 Nd6 15.
Nxf6+ Qxf6 16. Bb5 Re7 17. Rc3 Bf5 18. Rfc1 Rc8 19. Nd2 Bg6 20. f3 Qg5 21. Bf1
a6 22. Nc4 Nb5 23. d6 Nxc3 24. dxe7 Nb5 25. a4 Nd4 26. Qxb7 Re8 27. Rc3 Rxe7
28. exd4 exd4 29. Rb3 Qc1 30. Qc8+ Kh7 31. Qxa6 Re1 32. Ne5 Rxe5 33. Qc4 Qd1
34. Kf2 Qe1+ 35. Kg1 c5 36. f4 Re3 37. Rxe3 Qxe3+ 38. Kh1 d3 39. f5 Bxf5 40.
Qxf7 Qf2 0-1

[Event "Quebec-ch qual 2"]
[Site "Montreal CAN"]
[Date "2003.06.01"]
[Round "4"]
[White "Ross-Latour, Jeremie"]
[Black "Cloutier, Mathieu"]
[Result "0-1"]
[WhiteElo "1945"]
[BlackElo "1706"]
[PlyCount "110"]
[EventDate "2003.05.30"]
[EventType "swiss"]
[EventRounds "5"]
[EventCountry "CAN"]

1. e4 c5 2. Nf3 d6 3. d4 cxd4 4. Nxd4 Nf6 5. Nc3 g6 6. Bc4 Nc6 7. O-O Bg7 8.
Be3 Ng4 9. Nxc6 bxc6 10. Bg5 h6 11. Bh4 O-O 12. Qd2 Qc7 13. Kh1 Be6 14. Bb3 Kh7
15. Rae1 Bxb3 16. axb3 Rad8 17. f4 Rd7 18. Qe2 Nf6 19. e5 dxe5 20. fxe5 Nd5 21.
e6 Nxc3 22. bxc3 fxe6 23. Rxf8 Bxf8 24. Qxe6 Qd6 25. Qf7+ Bg7 26. h3 g5 27. Bf2
Qf6 28. Qxf6 Bxf6 29. Bd4 Kg7 30. Re4 Kf7 31. Kg1 Bxd4+ 32. cxd4 Kf6 33. Kf2
Rb7 34. Re5 Rb5 35. Rxb5 cxb5 36. c4 e5 37. dxe5+ Kxe5 38. cxb5 Kd4 39. b6 axb6
40. Kg3 Kc3 41. Kg4 Kxb3 42. Kh5 Kc4 43. Kxh6 b5 44. Kxg5 b4 45. h4 b3 46. h5
b2 47. Kg6 b1=Q+ 48. Kg7 Qb7+ 49. Kh8 Qxg2 50. h6 Qa8+ 51. Kg7 Qb7+ 52. Kg6 Qc8
53. Kg7 Qd7+ 54. Kg8 Qe8+ 55. Kg7 Qe7+ 0-1

[Event "Quebec-ch qual 2"]
[Site "Montreal CAN"]
[Date "2003.06.01"]
[Round "4"]
[White "Sullivan, Neil"]
[Black "Kayembe, Doris"]
[Result "1-0"]
[WhiteElo "2031"]
[BlackElo "1857"]
[PlyCount "121"]
[EventDate "2003.05.30"]
[EventType "swiss"]
[EventRounds "5"]
[EventCountry "CAN"]

1. e4 e6 2. d3 d5 3. Nd2 c5 4. Ngf3 Nf6 5. g3 Nc6 6. Bg2 Be7 7. O-O O-O 8. e5
Nd7 9. Re1 Qc7 10. Qe2 Re8 11. Nf1 f6 12. exf6 Bxf6 13. Ne3 Nde5 14. Nxe5 Bxe5
15. Ng4 Bd6 16. c3 Bd7 17. f4 Ne7 18. Be3 Nf5 19. Bf2 Bc6 20. Ne5 Bxe5 21. Qxe5
Qe7 22. Bh3 g6 23. d4 b6 24. Re2 Bb5 25. Ree1 Rac8 26. Bg2 cxd4 27. Bxd4 Nxd4
28. Qxd4 Rc4 29. Qe3 Qf6 30. Rad1 Kf7 31. Qf2 Bc6 32. Re5 Rd8 33. Qe2 b5 34.
Qe3 Ra4 35. a3 Rd6 36. Bh3 Qe7 37. f5 gxf5 38. Bxf5 Ke8 39. Rxe6 Rxe6 40. Qxe6
Qxe6 41. Bxe6 Ke7 42. Bxd5 Bd7 43. Bf3 Ra6 44. Kf2 Rh6 45. h4 a5 46. Rd5 Rf6
47. Rd3 Rb6 48. Rd4 Be6 49. Bd5 Bd7 50. Bf3 h6 51. Ke3 Be6 52. g4 Kf6 53. Kf4
Bb3 54. Be4 Kg7 55. g5 hxg5+ 56. hxg5 Be6 57. Ke5 Bc8 58. Rd6 Rb8 59. Rc6 b4
60. Rc7+ Kf8 61. g6 1-0

[Event "Quebec-ch qual 2"]
[Site "Montreal CAN"]
[Date "2003.06.01"]
[Round "5"]
[White "Anastasovski, Nikola"]
[Black "Gauthier, Denis"]
[Result "0-1"]
[WhiteElo "2073"]
[BlackElo "1983"]
[PlyCount "50"]
[EventDate "2003.05.30"]
[EventType "swiss"]
[EventRounds "5"]
[EventCountry "CAN"]

1. e4 c5 2. c4 Nc6 3. Nc3 g6 4. d3 Bg7 5. Be3 d6 6. g3 e5 7. Bg2 Nge7 8. Nge2
O-O 9. Qd2 Nd4 10. O-O-O Bg4 11. h3 Bf3 12. Rdg1 a6 13. Bxd4 Bxg2 14. Rxg2 exd4
15. Nd1 b5 16. f4 f5 17. Qc2 Rb8 18. Nf2 Qa5 19. b3 bxc4 20. Qxc4+ d5 21. Qc2
c4 22. bxc4 Qa3+ 23. Kd1 Rb2 24. Qc1 Rfb8 25. Ke1 Rb1 0-1

[Event "Quebec-ch qual 2"]
[Site "Montreal CAN"]
[Date "2003.06.01"]
[Round "5"]
[White "Kayembe, Doris"]
[Black "Panayotov, Ivo"]
[Result "1/2-1/2"]
[WhiteElo "1857"]
[BlackElo "1766"]
[PlyCount "22"]
[EventDate "2003.05.30"]
[EventType "swiss"]
[EventRounds "5"]
[EventCountry "CAN"]

1. e4 c5 2. Nf3 e6 3. d4 cxd4 4. Nxd4 Nf6 5. Nc3 a6 6. Be2 d6 7. O-O Be7 8. Be3
O-O 9. f4 Qc7 10. Bf3 Nc6 11. Nxc6 bxc6 1/2-1/2

[Event "Quebec-ch qual 2"]
[Site "Montreal CAN"]
[Date "2003.06.01"]
[Round "5"]
[White "Sullivan, Neil"]
[Black "Feoktistov, Dmitri"]
[Result "1/2-1/2"]
[WhiteElo "2031"]
[BlackElo "2302"]
[PlyCount "24"]
[EventDate "2003.05.30"]
[EventType "swiss"]
[EventRounds "5"]
[EventCountry "CAN"]

1. e4 c6 2. d4 d5 3. exd5 cxd5 4. Nf3 Bg4 5. Be2 Nc6 6. O-O e6 7. c3 Nf6 8. Bf4
Bd6 9. Bxd6 Qxd6 10. Nbd2 O-O 11. Ne5 Bxe2 12. Qxe2 Rab8 1/2-1/2

[Event "Quebec-ch qual Quebec"]
[Site "Quebec CAN"]
[Date "2003.05.24"]
[Round "2"]
[White "Dorion, Francois"]
[Black "Caron, Sebastien"]
[Result "1-0"]
[WhiteElo "1765"]
[BlackElo "1595"]
[PlyCount "123"]
[EventDate "2003.05.23"]
[EventType "swiss"]
[EventRounds "5"]
[EventCountry "CAN"]

1. c4 g6 2. Nc3 Bg7 3. g3 Nc6 4. Bg2 d6 5. Nf3 Bg4 6. O-O Qd7 7. b4 Rb8 8. a3
Nf6 9. Bb2 Bh3 10. d3 Bxg2 11. Kxg2 Nh5 12. Qd2 Ne5 13. Nd5 c6 14. Ne3 Nxf3 15.
exf3 e5 16. d4 Rd8 17. Rfe1 O-O 18. Rad1 Qc7 19. Qc2 f5 20. Kh1 Qf7 21. Ng2
exd4 22. Bxd4 Bxd4 23. Rxd4 Ng7 24. Red1 Qc7 25. Qd2 Rf6 26. Qg5 Qf7 27. Nf4
Rd7 28. Kg2 a6 29. h4 Ne6 30. Nxe6 Rxe6 31. h5 Qf6 32. Qxf6 Rxf6 33. hxg6 hxg6
34. f4 b5 35. cxb5 axb5 36. Rc1 d5 37. Kf3 Rdd6 38. Re1 Rfe6 39. Re5 Kf7 40. g4
fxg4+ 41. Kxg4 Kf6 42. Rg5 Re2 43. f5 Rxf2 44. Rxg6+ Ke5 45. Rxd6 Kxd6 46. Rf4
Rg2+ 47. Kf3 Ra2 48. f6 Rxa3+ 49. Kg4 Ra8 50. f7 Ke7 51. Kg5 Rf8 52. Kg6 Kd6
53. Kg7 Rc8 54. f8=Q+ Rxf8 55. Rxf8 d4 56. Rd8+ Ke5 57. Kf7 Ke4 58. Ke6 c5 59.
bxc5 b4 60. c6 b3 61. c7 b2 62. Rb8 1-0

[Event "Quebec-ch qual Quebec"]
[Site "Quebec CAN"]
[Date "2003.05.24"]
[Round "2"]
[White "Fillion, Nicolas"]
[Black "Godbout, Mathieu"]
[Result "1-0"]
[WhiteElo "1534"]
[BlackElo "1658"]
[PlyCount "43"]
[EventDate "2003.05.23"]
[EventType "swiss"]
[EventRounds "5"]
[EventCountry "CAN"]

1. e4 a6 2. d4 b5 3. c4 e6 4. cxb5 axb5 5. Bxb5 Bb7 6. Qc2 f5 7. Bd3 Nf6 8. f3
fxe4 9. fxe4 Nxe4 10. Nf3 Nf6 11. Ne5 Bb4+ 12. Nc3 O-O 13. Bg5 Qe8 14. Bxf6
gxf6 15. Bxh7+ Kg7 16. Bg6 Qe7 17. O-O fxe5 18. Rxf8 Qxf8 19. Rf1 Qe7 20. Bh5
Qg5 21. Rf7+ Kh8 22. Qh7# 1-0

[Event "Quebec-ch qual Quebec"]
[Site "Quebec CAN"]
[Date "2003.05.24"]
[Round "2"]
[White "Gaudreau, Eric"]
[Black "Coulon, Dominic"]
[Result "0-1"]
[WhiteElo "1636"]
[BlackElo "1689"]
[PlyCount "20"]
[EventDate "2003.05.23"]
[EventType "swiss"]
[EventRounds "5"]
[EventCountry "CAN"]

1. d4 Nf6 2. c4 e5 3. dxe5 Ne4 4. Qc2 d5 5. exd6 Bf5 6. Qa4+ Nc6 7. Nf3 Qxd6 8.
Be3 O-O-O 9. a3 Qf6 10. Bc1 Nc5 0-1

[Event "Quebec-ch qual Quebec"]
[Site "Quebec CAN"]
[Date "2003.05.24"]
[Round "3"]
[White "Audet-Bouchard, Nicolas"]
[Black "Champetier, Serge"]
[Result "1-0"]
[WhiteElo "2098"]
[BlackElo "1986"]
[PlyCount "55"]
[EventDate "2003.05.23"]
[EventType "swiss"]
[EventRounds "5"]
[EventCountry "CAN"]

1. e4 d6 2. d4 Nf6 3. Nc3 c6 4. Be3 b5 5. Bd3 Ng4 6. Bg5 h6 7. Bh4 g5 8. Bg3
Bg7 9. h3 Nf6 10. Nf3 Qb6 11. Qe2 Nh5 12. O-O-O Nxg3 13. fxg3 a5 14. e5 d5 15.
e6 Bxe6 16. Rde1 Bf6 17. Bg6 O-O 18. Qd3 b4 19. Na4 Qa6 20. Qe3 Nd7 21. Bd3 Qa7
22. h4 c5 23. hxg5 hxg5 24. Nxg5 Bxd4 25. Bh7+ Kg7 26. Nxe6+ fxe6 27. Qg5+ Kh8
28. Bg8# 1-0

[Event "Quebec-ch qual Quebec"]
[Site "Quebec CAN"]
[Date "2003.05.24"]
[Round "3"]
[White "Coulon, Dominic"]
[Black "Dorion, Francois"]
[Result "0-1"]
[WhiteElo "1689"]
[BlackElo "1765"]
[PlyCount "50"]
[EventDate "2003.05.23"]
[EventType "swiss"]
[EventRounds "5"]
[EventCountry "CAN"]

1. e4 e6 2. d4 d5 3. Nc3 Bb4 4. Bd2 Bxc3 5. Bxc3 dxe4 6. Qg4 Nf6 7. Qxg7 Rg8 8.
Qh6 Rg6 9. Qd2 Bd7 10. O-O-O Bc6 11. f3 Nbd7 12. fxe4 Nxe4 13. Qe3 Ndf6 14. Be1
Ng4 15. Qe2 Qg5+ 16. Kb1 O-O-O 17. Nh3 Qh6 18. Bd2 Nxd2+ 19. Rxd2 e5 20. c3
exd4 21. Rxd4 Re8 22. Qd2 Qxd2 23. Rxd2 Re1+ 24. Kc2 Ne3+ 25. Kd3 Nxf1 0-1